000 00454nam a2200145Ia 4500
008 220204s9999 xx 000 0 und d
082 _a576.322
_bGOL
245 0 _aCell motility: Book A Motility muscle and non muscle cells
260 _aUSA
_bCold spring harbor laboratory
_c1976
490 _aCold spring harbor conferences on cell proliferation; v 3
650 _aCell motility
650 _aMuscle contraction
700 _aGOLDMAN, R
942 _cBK
999 _c30691
_d30691